Classifica Marcatori Roma All-Time - Statistics

Statistiche generali
  • Questo quiz è stato fatto 167 volte
    60 dall'ultimo reset
  • Il punteggio medio è 4 su 10
Statistiche sulle risposte
Gol Nazione Calciatore % Corretto
307 Italia Francesco Totti
100%
119 Bosnia Edin Džeko
93%
102 Italia Vincenzo Montella
72%
81 Italia Marco Delvecchio
56%
138 Italia Roberto Pruzzo
46%
87 Argentina Abel Balbo
28%
111 Italia Amedeo Amadei
20%
79 Italia Dino da Costa
6%
104 Argentina Pedro Manfredini
6%
106 Italia Rodolfo Volk
6%
Nessun quiz corrispondente trovato
Distribuzione punteggi
Percentuale di utenti per punteggio
Percentile per numero di risposta
I tuoi punteggi nel tempo
Non hai fatto questo quiz dall'ultimo reset